00787nam a2200241Ia 4500003000900000008004100009040001300050040001300063041000800076100002600084245010600110250001200216260001200228260000900240300001100249300001000260490003600270490000600306600002700312942000700339999001700346952018200363IT-RoPAU120407s9999 xx 000 0 und d aIT-RoPAU cIT-RoPAU aita aAlonso Luis Schòkel aLa parola ispirata. La Bibbia alla luce della scienza del linguaggio Trad. italiana di Luigi Previale aBrescia aPaideia c1967 a411 p. c21 cm aBiblioteca di cultura religiosa v7 a1. Bibbia: Ispirazione cBK c34249d34249 00102ddc406208_12700000000000071aPAULUSbPAULUSd2012-04-11l0o208.127r2012-04-11 00:00:00w2012-04-11yBKzInserito da: In data: n.d. fondo: Via A.Severo 56 Progr:20614